Nanomaterials in plants algae, and microorganisms: Concepts and controversies (Record no. 1209001)

MARC details
000 -LEADER
fixed length control field 01273nam a2200349Ia 4500
003 - CONTROL NUMBER IDENTIFIER
control field OSt
005 - DATE AND TIME OF LATEST TRANSACTION
control field 20221007121529.0
008 - FIXED-LENGTH DATA ELEMENTS--GENERAL INFORMATION
fixed length control field 221006b |||||||| |||| 00| 0 eng d
020 ## - INTERNATIONAL STANDARD BOOK NUMBER
International Standard Book Number 9780128114889 (pbk)
037 ## - SOURCE OF ACQUISITION
Terms of availability Textual
040 ## - CATALOGING SOURCE
Original cataloging agency BDL
Transcribing agency BDL
Language of cataloging eng
041 ## - LANGUAGE CODE
Source of code eng
Language code of text/sound track or separate title eng
100 ## - MAIN ENTRY--PERSONAL NAME
Personal name Tripathi Durgesh Kumar Ed.
9 (RLIN) 712318
245 #0 - TITLE STATEMENT
Title Nanomaterials in plants algae, and microorganisms: Concepts and controversies
Remainder of title Ahmad Parvaiz Ed. Sharma Shivesh Ed. Chauhan DK Ed. Dubey NK Ed.
260 ## - PUBLICATION, DISTRIBUTION, ETC.
Place of publication, distribution, etc. London
Name of publisher, distributor, etc. Elsevier
Date of publication, distribution, etc. 2019
300 ## - PHYSICAL DESCRIPTION
Extent xx, 365p. ill.
Dimensions cm.
490 ## - SERIES STATEMENT
Volume/sequential designation Vol.2
500 ## - GENERAL NOTE
General note Include references; Index 353-365p.
650 ## - SUBJECT ADDED ENTRY--TOPICAL TERM
Topical term or geographic name entry element Carbon nanotubes
9 (RLIN) 712319
650 ## - SUBJECT ADDED ENTRY--TOPICAL TERM
Topical term or geographic name entry element Industrial nanoparticles
9 (RLIN) 712320
650 ## - SUBJECT ADDED ENTRY--TOPICAL TERM
Topical term or geographic name entry element Botany
700 ## - ADDED ENTRY--PERSONAL NAME
Personal name Ahmad Parvaiz Ed.
9 (RLIN) 458158
700 ## - ADDED ENTRY--PERSONAL NAME
Personal name Chauhan DK Ed.
9 (RLIN) 712321
700 ## - ADDED ENTRY--PERSONAL NAME
Personal name Dubey NK Ed.
9 (RLIN) 712322
700 ## - ADDED ENTRY--PERSONAL NAME
Personal name Sharma Shivesh Ed.
9 (RLIN) 712323
942 ## - ADDED ENTRY ELEMENTS (KOHA)
Classification part I22, Q9 Carb
Koha item type Textual
Source of classification or shelving scheme Colon Classification (CC)
Holdings
Withdrawn status Lost status Source of classification or shelving scheme Damaged status Not for loan Home library Current library Date acquired Source of acquisition Serial Enumeration / chronology Total Checkouts Full call number Barcode Date last seen Price effective from Koha item type
    Colon Classification (CC)     Department of Botany Library Department of Botany Library 2022-10-07 38558, 06/02/2019, Saras Books Vol.2   I22 Q9 Carb BD0006061 2022-10-07 2022-10-07 Textual
Copyright @ Delhi University Library System